| 000 | 00536nam a2200181 i 4500 | ||
|---|---|---|---|
| 001 | 38275 | ||
| 003 | ES-MaACL | ||
| 005 | 20230906155729.0 | ||
| 007 | t| | ||
| 008 | 030225s1980 sp ||||1| spa d | ||
| 100 | 1 |
_aBurgess, Anthony. _932632 |
|
| 245 | 1 | 0 |
_aErnest Hemingway y su mundo / _cAnthony Burgess ; [traducción: Mª Isabel Merino]. |
| 250 | _a[1ª ed.]. | ||
| 260 |
_aMadrid : _bUltramar, _c[1980] |
||
| 300 |
_a144 p. : _bil. ; _c22 cm. |
||
| 700 | 1 |
_aMerino, María Isabel. _980529 |
|
| 852 |
_aES-MaACL _jL-170 _bR.100706 |
||
| 999 |
_c38275 _d38275 |
||